000
00340 a2200157 4500
001
162683
020
_a
85-86295-14-0
040
_c
Magnum
100
_a
Guedes, Hardy
240
1
0
_a
O bom amigo curupira
_l
por
245
1
0
_a
O bom amigo curupira
300
_a
24
362
0
_a
1999
697
_a
LITERATURA INFANTO-JUVENIL
942
_c
BK
999
_c
162683
_d
162683